000 00861nam a2200265Ia 4500
003 OSt
005 20220925205012.0
006 a|||||r|||| 00| 0
007 ta
008 220923b |||||||| |||| 00| 0 eng d
020 _a0566087219
_c4670.60
037 _b1773, 29/06/2006, P.T. BOOKS INTERNATIONAL
_cGeneral Book
040 _aRTL
_cRTL
_beng
041 _2eng
_aeng
082 _aX:8:(D6,9(B), P6
100 _aManton Steve
_9269435
245 0 _aIntegrated intellectual asset management
_bA guide
260 _aHampshire
_bGower Publication
_c2006
300 _axiii, 187p
_ccm.
500 _aAppendix:p173-82
650 _a Management IRT Computer Science
_9243830
650 _aCommerce
942 _hX:8:(D6,9(B), P6
_cGB
_2CC
999 _c550961
_d550961